000
00285nam a22001337a 4500
008
190304b xxu||||| |||| 00| 0 eng d
020
_a
0201025582
041
_a
eng
080
_a
338
100
_a
52
101
_a
MNG
245
_a
Organizative Design
_c
Galbraith
942
_2
udc
_c
BK
999
_c
54436
_d
54436